000 00424nam a2200145Ia 4500
008 240729s9999 xx 000 0 und d
022 _a2710-2165
245 0 _aAl-Iraqia Journal for Scientific Engineering Research
260 _aIraq
260 _bAl-Iraqia University - College of Engineering
650 _aScience
856 _uhttps://doaj.org/toc/f6c125745d5c4fd4a281802cd4571ee6
942 _2ddc
942 _cDOAJEJ
999 _c74756
_d74756
945 _a1
_bMadushi Gamage
_c1
_dMadushi Gamage